000 00791nam a22002537a 4500
005 20140804122421.0
010 _aENG-107217
020 _a9781259064210
_c320.00
020 _a1259064212
_c320.00
035 _aEN-90750
035 _aB-527925-949
037 _bDBAD/PUB
037 _bKBD/Ven
_adpl
082 _a517
082 _a511.326
100 _aVinay Kumar
245 _aFunctions & graphs for JEE (Main & advanced) /
_cby Vinay Kumar
250 _a2nd ed
260 _aNew Delhi
_bTata McGraw Hill
_c2013
270 _aP-24, Green Park Extension
_bNew Delhi
_e110016
300 _a various pagings :
_bill.
_c24cm(pbk)
942 _2ddc
_cEN
_h511.326
_mVIN
999 _c75869
_d75869